[Event "VII MIEDZYNARODOWY TURNIEJ SZACHOWY - GORA SW. ANNY - Open "A""]
[Site "Gora Sw. Anny"]
[Date "1899-12-30"]
[Round "6.8"]
[White "Grela, Kacper"]
[Black "Kulas, Szymon"]
[Result "1/2-1/2"]
[WhiteTitle "I+"]
[BlackTitle "I++"]
[WhiteElo "2002"]
[BlackElo "2009"]

1. e4 e6 2. d4 d5 3. Nd2 a6 4. Ngf3 c5 5. exd5 exd5 6. dxc5 Bxc5 7. Nb3 Bb6 8.
Bd3 Nf6 9. Qe2+ Qe7 10. Qxe7+ Kxe7 11. O-O Nc6 12. Re1+ Be6 13. c3 Rhe8 14. Nbd4
Nxd4 15. Nxd4 Bxd4 16. cxd4 h6 17. a4 Kf8 18. Bf4 Rac8 19. Rac1 Bd7 20. Rxe8+
Nxe8 21. Rxc8 Bxc8 22. Kf1 Bd7 23. Be2 Bc8 24. Bd3 Bd7 25. Be2 Bc8 26. Bd3 Bd7
27. Be2 Bc8 28. Bd3 1/2-1/2

[Event "VII MIEDZYNARODOWY TURNIEJ SZACHOWY - GORA SW. ANNY - Open "A""]
[Site "Gora Sw. Anny"]
[Date "1899-12-30"]
[Round "6.9"]
[White "Oszczanowski, Witold"]
[Black "Lewtak, Dominik"]
[Result "0-1"]
[WhiteTitle "I+"]
[BlackTitle "I+"]
[WhiteElo "2002"]
[BlackElo "1943"]

1. d4 d5 2. Nf3 c6 3. g3 Nf6 4. Bg2 Nbd7 5. O-O e6 6. c4 Bd6 7. Nbd2 O-O 8. Qc2
e5 9. cxd5 cxd5 10. dxe5 Nxe5 11. Nxe5 Bxe5 12. Nf3 Qc7 13. Qd3 Be6 14. Nxe5 Qxe5
15. Bf4 Qh5 16. Rfd1 Rac8 17. Rac1 h6 18. Qb5 b6 19. Qa6 Rc5 20. Qxa7 Qxe2 21.
Qxb6 Rb5 22. Qd4 Qxb2 23. Qxb2 Rxb2 24. a4 Ra8 25. Ra1 Ne4 26. Be5 Rc2 27. a5
f6 28. Bd4 Nd2 29. a6 Nb3 30. a7 Nxd4 31. Rxd4 0-1

[Event "VII MIEDZYNARODOWY TURNIEJ SZACHOWY - GORA SW. ANNY - Open "A""]
[Site "Gora Sw. Anny"]
[Date "1899-12-30"]
[Round "6.10"]
[White "Plichta, Kamil"]
[Black "Eggink, Ryszard"]
[Result "1-0"]
[WhiteTitle "k+"]
[BlackTitle "I++"]
[WhiteElo "2248"]
[BlackElo "2198"]

1. Nf3 Nf6 2. c4 e6 3. g3 b6 4. Bg2 Bb7 5. O-O Be7 6. b3 O-O 7. Bb2 c5 8. e3 d5
9. Qe2 Nc6 10. cxd5 Nxd5 11. Rd1 Bf6 12. d3 Qe7 13. a3 Rfd8 14. Ra2 Bxb2 15. Qxb2
e5 16. Nc3 Nf6 17. Qb1 a6 18. Rad2 b5 19. Qb2 Rd7 20. Ng5 Nd8 21. Bxb7 Nxb7 22.
Nge4 Rad8 23. Nxf6+ Qxf6 24. e4 Qd6 25. b4 Rc8 26. Nd5 Rc6 27. f4 f6 28. Rf1 Rc8
29. Rdf2 exf4 30. gxf4 c4 31. Rg2 Kh8 32. Qf2 cxd3 33. Qd4 f5 34. Rg5 Rc4 35.
Qxd3 fxe4 36. Re5 Qg6+ 37. Qg3 Qxg3+ 38. hxg3 Rd8 39. f5 Rd4 40. f6 gxf6 41. Nxf6
Rd3 42. Kh2 Kg7 43. Re7+ Kg6 44. Nxe4 R8d6 45. Rxb7 Re6 46. Rf4 Rxa3 47. Rb8 Kg7
48. Rg4+ Rg6 49. Rb7+ Kg8 50. Nf6+ Kh8 51. Rxh7# 1-0

[Event "VII MIEDZYNARODOWY TURNIEJ SZACHOWY - GORA SW. ANNY - Open "A""]
[Site "Gora Sw. Anny"]
[Date "1899-12-30"]
[Round "6.11"]
[White "Krasiewicz, Robert"]
[Black "Lizak, Jakub"]
[Result "1-0"]
[WhiteTitle "k+"]
[BlackTitle "I"]
[WhiteElo "2069"]
[BlackElo "1948"]

1. f4 Nf6 2. Nf3 g6 3. g3 Bg7 4. d3 O-O 5. e4 d6 6. Bg2 c5 7. O-O Nc6 8. c3 Bg4
9. Nbd2 Qc8 10. Rf2 b5 11. Qf1 b4 12. h3 Bxf3 13. Nxf3 bxc3 14. bxc3 Rb8 15. e5
Nd7 16. d4 cxd4 17. cxd4 Nxd4 18. Nxd4 Qc3 19. Nb3 dxe5 20. Bb2 Qxg3 21. Rd1 Nb6
22. Rd3 Qh4 23. Bxe5 Rbd8 24. Bxg7 Kxg7 25. Qd1 e6 26. Nc5 Qf6 27. Ne4 Rxd3 28.
Qxd3 Qa1+ 29. Rf1 Qb2 30. Rb1 Qxa2 31. Qc3+ f6 32. Ra1 Qc4 33. Rxa7+ Kh8 34. Qa3
Qd4+ 35. Kh2 Qd8 36. Nd6 Kg8 37. Qc5 1-0

[Event "VII MIEDZYNARODOWY TURNIEJ SZACHOWY - GORA SW. ANNY - Open "A""]
[Site "Gora Sw. Anny"]
[Date "1899-12-30"]
[Round "6.12"]
[White "Czempiel, Henryk"]
[Black "Khamidov, Komil"]
[Result "0-1"]
[WhiteTitle "I"]
[BlackTitle "I++"]
[WhiteElo "1948"]
[BlackElo "2165"]

1. e4 e5 2. Nf3 Nc6 3. Bb5 a6 4. Bxc6 dxc6 5. d4 exd4 6. Qxd4 Qxd4 7. Nxd4 Bd7
8. Be3 O-O-O 9. Nd2 c5 10. Ne2 b6 11. O-O-O Ne7 12. Nc3 Ng6 13. f3 Re8 14. Rhe1
f5 15. Nd5 fxe4 16. Nxe4 Bc6 17. Bf2 Bxd5 18. Rxd5 Nf4 19. Rf5 Nxg2 20. Rg1 g6
21. Rf7 Bh6+ 22. Kb1 Nf4 23. Bg3 Ref8 24. Re7 Nd5 25. Re5 Rf5 26. Rd1 Rd8 27.
c4 Ne3 28. Rxd8+ Kxd8 29. Bh4+ Kc8 30. Re8+ Kb7 31. Re7 Rxf3 32. b3 Rf1+ 33. Kb2
Nf5 34. Rxh7 Bc1+ 35. Kc3 Nd4 36. Nd2 Ba3 37. Bd8 Bb4+ 38. Kd3 Rd1 39. Bg5 Nf3
40. Ke2 Nxg5 0-1

[Event "VII MIEDZYNARODOWY TURNIEJ SZACHOWY - GORA SW. ANNY - Open "A""]
[Site "Gora Sw. Anny"]
[Date "1899-12-30"]
[Round "6.13"]
[White "Dmochowska, Agnieszka"]
[Black "Kolasinski, Krzysztof"]
[Result "1/2-1/2"]
[WhiteTitle "WCM"]
[BlackTitle "I++"]
[WhiteElo "1841"]
[BlackElo "2004"]

1. d4 d5 2. c4 c6 3. cxd5 cxd5 4. Bf4 Nc6 5. Nc3 e6 6. Nf3 a6 7. a4 Bd6 8. e3 Nge7
9. Be2 Bxf4 10. exf4 Qb6 11. Qd2 Nf5 12. Rd1 Bd7 13. O-O Rc8 14. Rfe1 O-O 15.
Ne5 Nxe5 16. fxe5 f6 17. Bg4 Ne7 18. exf6 Rxf6 19. Re5 Qd6 20. Rde1 Rcf8 21. R1e2
Nc6 22. R5e3 Rg6 23. h3 Rff6 24. Rf3 Rxf3 25. Bxf3 Qb4 26. Bh5 Rf6 27. Re1 Qxd4
28. Qe2 Qf4 29. Bg4 Nd4 30. Qe3 Qxe3 31. Rxe3 Nf5 32. Re5 Bc6 33. Bxf5 Rxf5 34.
Rxe6 d4 35. Ne4 Kf7 36. Rxc6 bxc6 37. Nd6+ Ke6 38. Nxf5 Kxf5 39. Kf1 c5 40. b3
Ke4 41. Ke2 a5 42. Kd2 g5 43. Kc2 Kf4 44. Kd3 h5 45. Ke2 g4 46. hxg4 hxg4 47.
Kd3 Kf5 48. Kd2 Ke4 49. Ke2 Kf4 50. Kd3 Kf5 51. Kd2 Kf4 52. Kd3 1/2-1/2

[Event "VII MIEDZYNARODOWY TURNIEJ SZACHOWY - GORA SW. ANNY - Open "A""]
[Site "Gora Sw. Anny"]
[Date "1899-12-30"]
[Round "6.14"]
[White "Malinovsky, Petr"]
[Black "Sliwicka, Alicja"]
[Result "0-1"]
[WhiteTitle "k"]
[BlackTitle "WFM"]
[WhiteElo "2008"]
[BlackElo "1842"]

1. d4 d5 2. c4 e6 3. Nc3 Bb4 4. a3 Bxc3+ 5. bxc3 Nf6 6. e3 c5 7. Nf3 Nc6 8. Be2
O-O 9. O-O a6 10. a4 Ne4 11. Bb2 b6 12. cxd5 exd5 13. c4 Be6 14. cxd5 Bxd5 15.
dxc5 Nxc5 16. Qc2 Ne4 17. Qd3 a5 18. Rad1 Nb4 19. Qd4 Nf6 20. Qh4 Rc8 21. Nd4
Ne4 22. Qg4 Nc3 23. Nf5 Qf6 24. Bb5 Be6 25. e4 Kh8 26. Qf3 Bxf5 27. exf5 Rc5 28.
Rc1 Nbd5 29. Rc2 Rfc8 30. Rfc1 Qd4 31. h3 h6 32. Ba6 R8c7 33. Bb5 Rc8 34. Ba6
R8c7 35. Bb5 Qb4 36. Bd3 Nxa4 37. Rxc5 Rxc5 38. Rxc5 Qxc5 39. Be5 f6 40. Bg3 Nac3
41. Qh5 Qe7 42. Bc4 a4 43. Qf3 Qd7 44. Bf4 b5 45. Bxd5 Nxd5 46. Bd2 b4 47. Qd3
b3 48. Bc1 Nb6 49. Qe2 Qxf5 50. Bxh6 Qe5 51. Qd1 gxh6 52. Qd8+ Kg7 53. Qxb6 b2
54. Qb4 a3 55. f4 a2 56. Qb7+ Kg6 0-1

[Event "VII MIEDZYNARODOWY TURNIEJ SZACHOWY - GORA SW. ANNY - Open "A""]
[Site "Gora Sw. Anny"]
[Date "1899-12-30"]
[Round "7.1"]
[White "Sadzikowski, Daniel"]
[Black "Nurkiewicz, Maciej"]
[Result "1-0"]
[WhiteTitle "IM"]
[BlackTitle "m"]
[WhiteElo "2470"]
[BlackElo "2390"]

1. c4 e5 2. g3 Nc6 3. Bg2 g6 4. Nc3 Bg7 5. Rb1 a5 6. a3 f5 7. e3 d6 8. d3 Nf6 9.
b4 axb4 10. axb4 O-O 11. Nge2 Ne7 12. b5 c5 13. bxc6 bxc6 14. O-O Be6 15. Bd2
Qc7 16. Na4 Rfb8 17. Qc2 Nd7 18. Rxb8+ Rxb8 19. Rb1 Rxb1+ 20. Qxb1 d5 21. c5 Qa7
22. Qb4 Nc8 23. d4 e4 24. Bf1 g5 25. Nc1 Bf6 26. Qa5 Kf7 27. Qa6 Nb8 28. Qxa7+
Nxa7 29. Ba5 Nc8 30. Bc7 Nd7 31. Ba6 Nf8 32. Nb6 Ne7 33. Na2 Ke8 34. Nb4 Bd7 35.
Bd6 Ne6 36. Bb7 Nd8 37. Ba8 Bg7 38. Na6 Nc8 39. Nc7+ 1-0

[Event "VII MIEDZYNARODOWY TURNIEJ SZACHOWY - GORA SW. ANNY - Open "A""]
[Site "Gora Sw. Anny"]
[Date "1899-12-30"]
[Round "7.2"]
[White "Kislinsky, Alexey"]
[Black "Stachowiak, Kamil"]
[Result "1-0"]
[WhiteTitle "GM"]
[BlackTitle "IM"]
[WhiteElo "2500"]
[BlackElo "2442"]

1. e4 c5 2. Nc3 Nc6 3. Bb5 g6 4. Bxc6 dxc6 5. d3 Bg7 6. Be3 b6 7. Qd2 e5 8. Nge2
Nf6 9. Bh6 O-O 10. Bxg7 Kxg7 11. f3 Be6 12. g4 h5 13. h3 Rh8 14. g5 Nd7 15. h4
Qc7 16. Nd1 a5 17. Ne3 a4 18. a3 b5 19. O-O Raf8 20. f4 exf4 21. Nxf4 Qd6 22.
Qh2 Qe5 23. Rae1 Kh7 24. c3 Bb3 25. Qg2 Re8 26. Rf2 Rhf8 27. Nf1 f6 28. Nd2 Bf7
29. Ref1 Qd6 30. gxf6 Ne5 31. Nf3 Ng4 32. e5 Rxe5 33. Nxe5 Qxe5 34. Re2 Qd6 35.
Qg3 Qd8 36. Re7 Kh8 37. Nh3 1-0

[Event "VII MIEDZYNARODOWY TURNIEJ SZACHOWY - GORA SW. ANNY - Open "A""]
[Site "Gora Sw. Anny"]
[Date "1899-12-30"]
[Round "7.3"]
[White "Obrusnik, Michal"]
[Black "Simantsev, Mikhail"]
[Result "1-0"]
[WhiteTitle "k+"]
[BlackTitle "GM"]
[WhiteElo "2278"]
[BlackElo "2459"]

1. e4 c5 2. Nf3 e6 3. c3 Nf6 4. e5 Nd5 5. d4 cxd4 6. cxd4 b6 7. Bc4 Bb7 8. O-O
Na6 9. Ng5 h6 10. Ne4 Rc8 11. Bb3 Qh4 12. Re1 Nab4 13. a3 Rxc1 14. Qxc1 Nd3 15.
Qd2 Nxe1 16. Qxe1 Nf6 17. Ng3 Nd5 18. Nc3 Nf4 19. f3 Ng6 20. Nge4 Qxe1+ 21. Rxe1
a6 22. Na4 b5 23. Nac5 Bxe4 24. Nxe4 Be7 25. Rc1 O-O 26. Rc7 Rd8 27. Ra7 d6 28.
exd6 Bxd6 29. Rxa6 Bf4 30. Kf1 Bc1 31. Nd6 Bxb2 32. Nxb5 Ne7 33. a4 Nf5 34. a5
Nxd4 35. Nxd4 Bxd4 36. Rc6 Rb8 37. Bc2 Kf8 38. a6 Ra8 39. Be4 Ra7 40. Rc8+ Ke7
41. Bb7 h5 42. Rc4 Bb6 43. Ke2 g6 44. Rc1 Bd4 45. Kd3 Bb6 46. Kc4 Kd7 47. Kb5
Be3 48. Re1 Bf2 49. Re2 Bg1 50. Re1 Bf2 51. Rd1+ Ke7 52. Kc6 Be3 53. Rd7+ Ke8
54. g3 Bg1 55. Rd1 Be3 56. Kc7 Ke7 57. Rd7+ Ke8 58. Kd6 Bg1 59. Rc7 Kf8 60. Rc8+
Kg7 61. Rc2 Kf8 62. Kd7 g5 63. Re2 Bd4 64. Re4 Bg1 65. Re2 Bd4 66. Re4 Bg1 67.
Re5 g4 68. fxg4 hxg4 69. Rh5 Kg7 70. Rh4 Kf6 71. Ke8 e5 72. Rh7 Ke6 73. Rxf7 e4
74. Bc8+ Kd6 75. Rxa7 Bxa7 76. Bxg4 1-0

[Event "VII MIEDZYNARODOWY TURNIEJ SZACHOWY - GORA SW. ANNY - Open "A""]
[Site "Gora Sw. Anny"]
[Date "1899-12-30"]
[Round "7.4"]
[White "Eggink, Mateusz"]
[Black "Dobrowolski, Piotr"]
[Result "0-1"]
[WhiteTitle "I"]
[BlackTitle "IM"]
[WhiteElo "2075"]
[BlackElo "2422"]

1. e4 c5 2. Nf3 e6 3. d4 cxd4 4. Nxd4 Nc6 5. Nc3 Qc7 6. Be2 a6 7. O-O Nf6 8. a3
Bc5 9. Be3 Nxd4 10. Bxd4 e5 11. Bxc5 Qxc5 12. Qd3 O-O 13. b4 Qc7 14. Qe3 b5 15.
a4 bxa4 16. Rxa4 Bb7 17. Rfa1 Qc6 18. Ra5 Rfc8 19. Rc5 Qe6 20. Bc4 Qe7 21. Bd5
Nxd5 22. Nxd5 Bxd5 23. exd5 Qd6 24. c4 f6 25. h3 Rxc5 26. bxc5 Qc7 27. c6 dxc6
28. Qc5 a5 29. d6 Qd7 30. Qa3 a4 31. c5 Qe6 32. Qb4 Qd5 33. Kh2 Qd4 34. Qxd4 exd4
35. Kg3 Kf7 36. Kf4 a3 37. Ke4 Ra4 38. Kd3 a2 39. Kc2 Rc4+ 40. Kd3 Ra4 41. Kc2
Ra3 42. Kb2 Ra5 43. Rxa2 Rxc5 44. Ra7+ Ke6 45. d7 Rd5 46. Rc7 Rxd7 47. Rxc6+ Kd5
48. Rc8 Re7 49. Kc1 Re2 50. Rc7 g5 51. Rxh7 Rxf2 52. g4 Ke4 53. h4 gxh4 54. Rxh4
Kf4 55. g5+ Kxg5 56. Rxd4 Re2 57. Kd1 Re5 58. Rd8 f5 59. Rd2 Kg4 60. Rd8 f4 61.
Rg8+ Kf3 62. Rg7 Kf2 63. Rg8 Rd5+ 64. Kc2 f3 65. Rg7 Kf1 66. Rg8 f2 67. Rg7 Ke2
68. Re7+ Kf3 69. Rf7+ Ke3 70. Rf8 Rd4 0-1

[Event "VII MIEDZYNARODOWY TURNIEJ SZACHOWY - GORA SW. ANNY - Open "A""]
[Site "Gora Sw. Anny"]
[Date "1899-12-30"]
[Round "7.5"]
[White "Rozycki, Bartlomiej"]
[Black "Lewtak, Dominik"]
[Result "1-0"]
[WhiteTitle "I++"]
[BlackTitle "I+"]
[WhiteElo "2097"]
[BlackElo "1943"]

1. d4 d5 2. c4 c6 3. Nc3 Nf6 4. Nf3 e6 5. cxd5 exd5 6. Bg5 Be7 7. e3 Bg4 8. Qb3
Qb6 9. Qc2 Nbd7 10. Bd3 Bxf3 11. gxf3 h6 12. Bh4 Bd6 13. O-O a6 14. a3 Qc7 15.
Bg3 c5 16. dxc5 Bxg3 17. hxg3 Qxc5 18. Qb3 O-O 19. Rac1 Qb6 20. Qxb6 Nxb6 21.
b3 Rfd8 22. Ne2 Rac8 23. Bf5 Nbd7 24. Rfd1 Rxc1 25. Rxc1 Ne5 26. Nd4 Ne8 27. Rc5
b6 28. Rc3 g6 29. f4 Nd7 30. Nc6 gxf5 31. Nxd8 Kf8 32. Nc6 Nd6 33. Nd4 Ke7 34.
Rc6 a5 35. a4 f6 36. f3 Nf7 37. Nxf5+ Kd8 38. g4 Ke8 39. Rc8+ Nd8 40. Nxh6 Nc5
41. g5 Kd7 42. Rb8 Kc7 43. Ra8 Nde6 44. g6 Nxb3 45. f5 1-0

[Event "VII MIEDZYNARODOWY TURNIEJ SZACHOWY - GORA SW. ANNY - Open "A""]
[Site "Gora Sw. Anny"]
[Date "1899-12-30"]
[Round "7.6"]
[White "Piotrowski, Przemyslaw"]
[Black "Kriebel, Tadeas"]
[Result "0-1"]
[WhiteTitle "I++"]
[BlackTitle "FM"]
[WhiteElo "2062"]
[BlackElo "2375"]

1. Nf3 f5 2. c4 Nf6 3. Nc3 c6 4. d4 e6 5. Bg5 d5 6. Ne5 Be7 7. e3 O-O 8. f4 Nbd7
9. Be2 Nxe5 10. fxe5 Ne4 11. Bxe7 Qxe7 12. O-O Nxc3 13. bxc3 b6 14. a4 Qg5 15.
Rf3 Ba6 16. cxd5 Bxe2 17. Qxe2 cxd5 18. c4 Qd8 19. cxd5 Qxd5 20. Qa2 Qxa2 21.
Rxa2 Rac8 22. a5 b5 23. Rff2 a6 24. Rfc2 Kf7 25. Kf2 Ke7 26. Ke2 Kd7 27. Kd3 Rxc2
28. Kxc2 Rc8+ 29. Kb3 Rc4 30. g4 fxg4 31. Rg2 h5 32. h3 g5 33. hxg4 h4 34. Rf2
Rc1 35. Rf7+ Kc6 36. e4 h3 37. Rh7 Rb1+ 38. Kc3 Re1 39. Rh6 h2 40. Rxh2 Re3+ 41.
Kc2 Rxe4 42. Rh7 Rxd4 43. Ra7 Kd5 44. Rxa6 Ra4 45. Ra8 Kxe5 46. a6 Kf4 47. a7
Kxg4 48. Kd3 e5 49. Ke3 e4 50. Kf2 Ra3 51. Ke2 e3 52. Kf1 Ra2 53. Ke1 b4 54. Re8
Rxa7 55. Rxe3 Rf7 0-1

[Event "VII MIEDZYNARODOWY TURNIEJ SZACHOWY - GORA SW. ANNY - Open "A""]
[Site "Gora Sw. Anny"]
[Date "1899-12-30"]
[Round "7.7"]
[White "Cukrowski, Filip"]
[Black "Grela, Kacper"]
[Result "1-0"]
[WhiteTitle "k"]
[BlackTitle "I+"]
[WhiteElo "2215"]
[BlackElo "2002"]

1. e4 c5 2. Nf3 Nc6 3. d4 cxd4 4. Nxd4 Nf6 5. Nc3 d6 6. Bg5 e6 7. Qd2 a6 8. O-O-O
Bd7 9. f4 Be7 10. Be2 b5 11. Bf3 Rc8 12. Bxf6 gxf6 13. Nxc6 Bxc6 14. f5 Qa5 15.
Kb1 b4 16. Ne2 e5 17. g4 Qc5 18. Ng3 Ba4 19. Rc1 a5 20. h4 Rg8 21. Nh5 h6 22.
Rh2 Rh8 23. g5 hxg5 24. hxg5 fxg5 25. f6 Bf8 26. Ng7+ Bxg7 27. fxg7 Rg8 28. Qxg5
Qc4 29. Bg4 Bd7 30. b3 f6 31. Qg6+ Qf7 32. Bxd7+ 1-0

[Event "VII MIEDZYNARODOWY TURNIEJ SZACHOWY - GORA SW. ANNY - Open "A""]
[Site "Gora Sw. Anny"]
[Date "1899-12-30"]
[Round "7.8"]
[White "Kulas, Szymon"]
[Black "Krasiewicz, Robert"]
[Result "0-1"]
[WhiteTitle "I++"]
[BlackTitle "k+"]
[WhiteElo "2009"]
[BlackElo "2069"]

1. e4 d5 2. exd5 Qxd5 3. Nc3 Qd6 4. d4 Nf6 5. Nf3 Bg4 6. h3 Bh5 7. g4 Bg6 8. Ne5
c6 9. Bf4 Qd8 10. Qd2 e6 11. a3 Nbd7 12. Nxg6 hxg6 13. Bg2 Nb6 14. Qd3 Bd6 15.
Bg5 Qc7 16. Ne4 Be7 17. Nxf6+ gxf6 18. Be3 O-O-O 19. O-O-O f5 20. f4 Nd5 21. Bxd5
cxd5 22. Qf1 Rh4 23. Rd3 Rd6 24. g5 Rc6 25. Qf2 Rh8 26. Rb3 Bd6 27. Kb1 Kd7 28.
h4 Rh5 29. Qd2 Rc4 30. Qf2 a5 31. Qd2 a4 32. Rb5 Qc6 33. Ra5 Rh8 34. b3 Qb6 35.
Rc5 axb3 36. Rxc4 dxc4 37. c3 Qc6 0-1

[Event "VII MIEDZYNARODOWY TURNIEJ SZACHOWY - GORA SW. ANNY - Open "A""]
[Site "Gora Sw. Anny"]
[Date "1899-12-30"]
[Round "7.10"]
[White "Oszczanowski, Witold"]
[Black "Liberadzki, Slawomir"]
[Result "1/2-1/2"]
[WhiteTitle "I+"]
[BlackTitle "k"]
[WhiteElo "2002"]
[BlackElo "2095"]

1. e4 c5 2. Nf3 e6 3. d4 cxd4 4. Nxd4 Nc6 5. Nc3 Qc7 6. Be3 a6 7. Be2 Nf6 8. O-O
Bb4 9. Na4 Be7 10. c4 Nxe4 11. c5 O-O 12. Rc1 f5 13. g3 Rb8 14. Nb6 Kh8 15. Bf3
Bxc5 16. Rxc5 Nxc5 17. Nxc6 bxc6 18. Bxc5 Rd8 19. Qd6 Qxd6 20. Bxd6 Rxb6 21. Bc7
Rxb2 22. Bxd8 e5 23. a4 e4 24. Bg2 d5 25. a5 d4 26. Bb6 Rd2 27. Rc1 Bd7 28. Rc4
Rd1+ 29. Bf1 d3 30. Rd4 Be6 31. Rd8+ Bg8 32. f3 h5 33. fxe4 fxe4 34. Kf2 Kh7 35.
Bh3 Bd5 36. Bf5+ g6 37. Rd7+ Kg8 38. Bxg6 Rd2+ 39. Kf1 Rd1+ 40. Kf2 Rd2+ 41. Kf1
Rd1+ 42. Kf2 Rd2+ 43. Kf1 Rd1+ 1/2-1/2

[Event "VII MIEDZYNARODOWY TURNIEJ SZACHOWY - GORA SW. ANNY - Open "A""]
[Site "Gora Sw. Anny"]
[Date "1899-12-30"]
[Round "7.11"]
[White "Eggink, Ryszard"]
[Black "Pultorak, Jan"]
[Result "1-0"]
[WhiteTitle "I++"]
[BlackTitle "I"]
[WhiteElo "2198"]
[BlackElo "1933"]

1. c4 e5 2. Nc3 Nc6 3. g3 g6 4. Bg2 Bg7 5. d3 d6 6. e3 Be6 7. Nge2 f5 8. b4 e4
9. Rb1 exd3 10. Bxc6+ bxc6 11. Qxd3 Nf6 12. Nd4 Bd7 13. O-O O-O 14. b5 c5 15.
Nc6 Qe8 16. Nd5 Nxd5 17. cxd5 f4 18. e4 f3 19. Re1 a6 20. b6 cxb6 21. Rxb6 Kh8
22. Bf4 Bxc6 23. Rxc6 Be5 24. Qxf3 g5 25. Bxe5+ Qxe5 26. Qg4 Rab8 27. Rc7 Qf6
28. Re2 h6 29. Kg2 Rb4 30. Qf5 Qxf5 31. exf5 Kg8 32. Re6 Rxf5 33. Rg6+ Kf8 34.
Rxh6 Kg8 35. Rg6+ Kf8 36. Rxd6 Ke8 37. Rxa6 1-0

[Event "VII MIEDZYNARODOWY TURNIEJ SZACHOWY - GORA SW. ANNY - Open "A""]
[Site "Gora Sw. Anny"]
[Date "1899-12-30"]
[Round "7.12"]
[White "Sliwicka, Alicja"]
[Black "Dmochowska, Agnieszka"]
[Result "1-0"]
[WhiteTitle "WFM"]
[BlackTitle "WCM"]
[WhiteElo "1842"]
[BlackElo "1841"]

1. e4 c5 2. Nf3 d6 3. d4 cxd4 4. Nxd4 Nf6 5. Nc3 Nc6 6. Bc4 e5 7. Nf3 h6 8. h3
Be7 9. O-O O-O 10. Re1 Be6 11. Bf1 Qd7 12. Nd5 Bxd5 13. exd5 Nb4 14. c4 a5 15.
Bd2 Bd8 16. a3 Na6 17. b4 axb4 18. axb4 Bb6 19. Bc3 Qf5 20. Qb1 Qc8 21. Rc1 Re8
22. Ra2 e4 23. Nd4 e3 24. Bd3 Qd7 25. Kh2 exf2 26. Rxf2 Ng4+ 27. hxg4 Qxg4 28.
Qb2 Re3 29. Bf5 Qh4+ 30. Kg1 Rae8 31. Bh3 Qg5 32. Bd2 Bxd4 33. Qxd4 1-0

[Event "VII MIEDZYNARODOWY TURNIEJ SZACHOWY - GORA SW. ANNY - Open "A""]
[Site "Gora Sw. Anny"]
[Date "1899-12-30"]
[Round "7.13"]
[White "Kolasinski, Krzysztof"]
[Black "Lizak, Jakub"]
[Result "0-1"]
[WhiteTitle "I++"]
[BlackTitle "I"]
[WhiteElo "2004"]
[BlackElo "1948"]

1. Nf3 c5 2. g3 Nc6 3. Bg2 g6 4. O-O Bg7 5. c4 d6 6. Nc3 e5 7. d3 Nge7 8. Rb1 O-O
9. a3 a5 10. Nb5 h6 11. Bd2 Be6 12. Qc2 Rc8 13. e4 f5 14. Ne1 Kh7 15. Qc1 Nd4
16. Nxd4 cxd4 17. exf5 gxf5 18. Bxb7 Rb8 19. Bg2 Rb3 20. Qd1 a4 21. Bb4 e4 22.
Qe2 Nc6 23. f3 Nxb4 24. axb4 e3 25. b5 Qa5 26. Rc1 Qd2 27. Rc2 Qxe2 28. Rxe2 d5
29. cxd5 Bxd5 30. f4 Bxg2 31. Kxg2 Rb8 32. Nc2 Rxb2 33. Kf3 R8xb5 34. Ra1 Ra5
35. Na3 Rb3 36. Nc4 Ra7 37. Ra3 Bf8 38. Rxb3 axb3 39. g4 fxg4+ 40. Kxg4 Ra2 41.
Re1 Bb4 0-1

[Event "VII MIEDZYNARODOWY TURNIEJ SZACHOWY - GORA SW. ANNY - Open "A""]
[Site "Gora Sw. Anny"]
[Date "1899-12-30"]
[Round "7.14"]
[White "Malinovsky, Petr"]
[Black "Czempiel, Henryk"]
[Result "1/2-1/2"]
[WhiteTitle "k"]
[BlackTitle "I"]
[WhiteElo "2008"]
[BlackElo "1948"]

1. d4 d5 2. c4 c6 3. e3 e6 4. Nf3 Nf6 5. Nbd2 Nbd7 6. b3 Bd6 7. Bb2 O-O 8. Bd3
Qe7 9. Ne5 c5 10. O-O b6 11. f4 Bb7 12. Qc2 cxd4 13. exd4 Rac8 14. Rae1 Rfd8 15.
Ndf3 Ne4 16. Nxd7 Rxd7 17. Ne5 Rdc7 18. f5 f6 19. Ng4 h5 20. Ne3 e5 21. Qe2 Bb4
22. Rc1 Nd2 23. Rfd1 exd4 24. Bxd4 dxc4 25. bxc4 Rd8 26. Bc3 Bxc3 27. Rxc3 Re8
28. Rxd2 Qxe3+ 29. Qxe3 Rxe3 30. c5 Bd5 31. Kf2 Re5 32. Bc2 Kh7 33. Rh3 Rxc5 34.
Rxh5+ Kg8 35. Rh4 Bxa2 36. Ra4 Bd5 37. Rxa7 Kf8 38. g4 Ra5 39. Rd7 Rc5 40. Bd3
Bc4 41. Bxc4 Rxc4 42. h3 Re7 43. Rd8+ Re8 44. Rxe8+ Kxe8 45. Rb2 Rc6 46. Kg3 Kf7
47. Rb3 g5 48. fxg6+ Kxg6 49. Kf4 Rc4+ 50. Kf3 Rc6 51. Ke4 Kg5 52. Kd5 Rc5+ 53.
Kd6 Ra5 54. Rxb6 f5 55. gxf5 Rxf5 56. Rb3 Rf1 57. Re3 Kf4 58. Re6 Kg5 59. Re3
Kh4 60. Ke5 Rf8 1/2-1/2

[Event "VII MIEDZYNARODOWY TURNIEJ SZACHOWY - GORA SW. ANNY - Open "A""]
[Site "Gora Sw. Anny"]
[Date "1899-12-30"]
[Round "8.1"]
[White "Dobrowolski, Piotr"]
[Black "Sadzikowski, Daniel"]
[Result "1-0"]
[WhiteTitle "IM"]
[BlackTitle "IM"]
[WhiteElo "2422"]
[BlackElo "2470"]

1. e4 e5 2. Nf3 Nc6 3. Bb5 Nf6 4. O-O Nxe4 5. d4 Nd6 6. Bxc6 dxc6 7. dxe5 Nf5 8.
Qxd8+ Kxd8 9. Nc3 Bd7 10. h3 h6 11. Rd1 Kc8 12. b3 Ne7 13. Bb2 Ng6 14. Rd2 Be7
15. Rad1 Be6 16. Nd4 Bg5 17. Re2 Nf4 18. Ree1 Bd7 19. Ne4 Be7 20. e6 fxe6 21.
Ne2 Nh5 22. g4 Nf6 23. Nf4 Re8 24. Nxf6 Bxf6 25. Bxf6 gxf6 26. Nh5 Rf8 27. Rd3
b6 28. Red1 Rf7 29. Nxf6 Rxf6 30. Rxd7 Kb7 31. Rd8 Rxd8 32. Rxd8 a5 33. Kg2 a4
34. Kg3 a3 35. f4 c5 36. g5 hxg5 37. fxg5 Rf1 38. Rd2 c4 39. bxc4 Kc6 40. h4 1-0

[Event "VII MIEDZYNARODOWY TURNIEJ SZACHOWY - GORA SW. ANNY - Open "A""]
[Site "Gora Sw. Anny"]
[Date "1899-12-30"]
[Round "8.2"]
[White "Rozycki, Bartlomiej"]
[Black "Obrusnik, Michal"]
[Result "0-1"]
[WhiteTitle "I++"]
[BlackTitle "k+"]
[WhiteElo "2097"]
[BlackElo "2278"]

1. e4 c5 2. Nf3 Nc6 3. Bb5 d6 4. O-O Bd7 5. Re1 Nf6 6. h3 a6 7. Bf1 g6 8. d4 cxd4
9. Nxd4 Bg7 10. Be3 Nxe4 11. Nd2 Nxd2 12. Qxd2 O-O 13. Nxc6 Bxc6 14. Bg5 Re8 15.
c3 Qc7 16. Bc4 e6 17. Bb3 d5 18. Rad1 b5 19. h4 a5 20. h5 a4 21. Bc2 e5 22. hxg6
fxg6 23. Re3 b4 24. cxb4 d4 25. Rh3 e4 26. Rc1 Qe5 27. Bf4 Qe6 28. Bd1 Bd5 29.
Ra3 Bc6 30. Be2 d3 31. Bd1 Bf8 32. b3 axb3 33. Bxb3 Bd5 34. Rxa8 Rxa8 35. Rb1
Rc8 36. b5 Bxb3 37. Rxb3 Rc2 38. Qe1 Bc5 39. Be3 Bxe3 40. Qxe3 Qxb3 41. axb3 d2
0-1

[Event "VII MIEDZYNARODOWY TURNIEJ SZACHOWY - GORA SW. ANNY - Open "A""]
[Site "Gora Sw. Anny"]
[Date "1899-12-30"]
[Round "8.3"]
[White "Nurkiewicz, Maciej"]
[Black "Kislinsky, Alexey"]
[Result "1-0"]
[WhiteTitle "m"]
[BlackTitle "GM"]
[WhiteElo "2390"]
[BlackElo "2500"]

1. e4 d6 2. d4 g6 3. Nc3 a6 4. f4 Bg7 5. Nf3 Nd7 6. Be2 b5 7. a3 Bb7 8. O-O e6
9. f5 exf5 10. exf5 Ne7 11. fxg6 hxg6 12. Bg5 f6 13. Bf4 Nb6 14. a4 b4 15. a5
bxc3 16. axb6 cxb2 17. Rb1 Nd5 18. Bd2 cxb6 19. Bd3 Ne7 20. Qe2 O-O 21. Qe6+ Rf7
22. Ng5 Bd5 23. Nxf7 Bxe6 24. Nxd8 Rxd8 25. Bxa6 f5 26. c3 Ra8 27. Bd3 Ra3 28.
Rfe1 Kf7 29. Bb5 Nd5 30. Bc4 Rxc3 31. Bxc3 1-0

[Event "VII MIEDZYNARODOWY TURNIEJ SZACHOWY - GORA SW. ANNY - Open "A""]
[Site "Gora Sw. Anny"]
[Date "1899-12-30"]
[Round "8.4"]
[White "Simantsev, Mikhail"]
[Black "Stachowiak, Kamil"]
[Result "1-0"]
[WhiteTitle "GM"]
[BlackTitle "IM"]
[WhiteElo "2459"]
[BlackElo "2442"]

1. d4 Nf6 2. Nf3 c5 3. d5 b5 4. Bg5 Ne4 5. Bh4 Qa5+ 6. c3 g6 7. Qc2 f5 8. Nbd2
Nxd2 9. Nxd2 Bg7 10. e4 f4 11. Bg5 Qc7 12. g3 fxg3 13. hxg3 a6 14. a4 bxa4 15.
Nc4 d6 16. e5 Bf5 17. Qxa4+ Bd7 18. exd6 exd6 19. Qa5 Qxa5 20. Nxd6+ Kf8 21. Rxa5
1-0

[Event "VII MIEDZYNARODOWY TURNIEJ SZACHOWY - GORA SW. ANNY - Open "A""]
[Site "Gora Sw. Anny"]
[Date "1899-12-30"]
[Round "8.5"]
[White "Kriebel, Tadeas"]
[Black "Eggink, Mateusz"]
[Result "1-0"]
[WhiteTitle "FM"]
[BlackTitle "I"]
[WhiteElo "2375"]
[BlackElo "2075"]

1. e4 c5 2. Nf3 d6 3. d4 cxd4 4. Nxd4 Nf6 5. Nc3 a6 6. Bc4 e6 7. Bb3 b5 8. O-O
Nbd7 9. Re1 Nc5 10. Bg5 Bb7 11. Bd5 Qc7 12. Bxb7 Qxb7 13. Bxf6 gxf6 14. b4 Nd7
15. Qh5 Qc7 16. Re3 Qc4 17. Rd1 Nb6 18. Nxe6 Qxe6 19. Nd5 Rc8 20. Nxb6 Rxc2 21.
a4 Qe5 22. Qxe5+ fxe5 23. axb5 axb5 24. Ra3 Be7 25. Ra8+ Bd8 26. g3 Rc6 27. Nd5
Rc4 28. Rda1 O-O 29. h4 Kg7 30. Rb8 Rxe4 31. Raa8 Rd4 32. Ne3 1-0